Les 12 coups de midi | Coup fatal #13 - Statistiques

Statistiques générales
  • Ce quiz a été pris 433 fois
  • Le résultat moyen est 5 sur 16
Statistiques - réponses
Questions Réponses % Correct
Au jeu "pierre-papier-ciseaux", qu'est ce qui est représenté par une main à plat ? papier
98%
Quel océan baigne les côtes du Venezuela ? Atlantique
86%
Quelle émission de télé a pour sous-titre "Quelle célébrité se cache derrière ce masque ?" ? Mask Singer
64%
Quelle soupe donne son titre à un film avec Louis de Funès ? choux
63%
Comment appelle-t-on une période de mille ans ? millénaire
61%
A l'origine, à quelle activité sont destinés les vêtements sportswear ? sport
54%
Quelle actrice révélée dans "E.T." joue dans la version cinéma de "Drôles de dames" ? Drew Barrymore
9%
Selon une ancienne règle du jeu de dames, qu'est ce qui "n'est pas jouer" ? souffler
7%
Quel personnage de la famille Ewing dans "Dallas" Larry Hagman interprète-t-il ? J.R. Ewing
6%
Quel était le prénom du frère styliste Donatella Versace ? Gianni Versace
4%
Quel compositeur autrichien mort à 31 ans laisse plus de 1 000 compositions derrière lui ? Schubert
4%
Quelle plante comestible voisine de l'artichaut est très cultivée dans la région de Lyon ? cardon
2%
Quel roi de France le chevalier Du Guesclin servait-il à la fin de sa vie ? Charles V
2%
A quel chanteur doit-on le tube "La Fille au bas nylon" ? Julien Clerc
2%
Quel artiste plasticien japonais est considéré comme le digne successeur d'Andy Warhol ? Takashi Murakami
1%
Quel écrivain a été élu président de l'Académie Goncourt en mai 2024 ? Philipe Claudel
0%
Aucun quiz correspondant
Distribution des résultats
% des personnes avec chaque résultat
Percentile par nombre de réponses
Votre historique - résultats
Vous n’avez pas pris ce quiz